[Event "Reykjavik op"]
[Site "Reykjavik"]
[Date "2024.03.20"]
[Round "8"]
[White "Bik, Wouter"]
[Black "Jonsson, Olafur Gisli"]
[Result "1/2-1/2"]
[WhiteElo "1998"]
[BlackElo "1849"]
[PlyCount "82"]
[EventDate "2024.03.15"]
[EventType "swiss"]
[EventRounds "9"]
[EventCountry "ISL"]
[SourceTitle "CB13_2024"]
[SourceDate "2024.03.27"]
[SourceVersion "1"]
[SourceVersionDate "2024.03.27"]
[SourceQuality "1"]

1. g3 d5 2. Bg2 Nf6 3. c4 c6 4. d4 Bf5 5. Nf3 h6 6. 0-0 e6 7. Nc3 Nbd7 8. Nd2 Be7 9. e4 dxe4 10. Ndxe4 Nxe4 11. Nxe4 Nf6 12. Nc3 0-0 13. Bf4 Qb6 14. Na4 Qa5 15. Re1 Rad8 16. Re5 Qa6 17. Bf1 b6 18. c5 Qb7 19. cxb6 axb6 20. Bg2 Nd5 21. Bxd5 Rxd5 22. Rxd5 cxd5 23. Rc1 Bf6 24. Rc7 Qa6 25. b3 Bh3 26. Rc1 Bf5 27. g4 Be4 28. f3 Bd3 29. Be5 Be2 30. Qd2 Bxe5 31. dxe5 Bxf3 32. h3 Be4 33. Qf2 Bg6 34. Nxb6 Qd3 35. Kh2 Rb8 36. Rc8+ Rxc8 37. Nxc8 Qc3 38. Ne7+ Kh7 39. Nxg6 fxg6 40. Qe2 d4 41. h4 Kg8 1/2-1/2

[Event "Reykjavik op"]
[Site "Reykjavik"]
[Date "2023.04.04"]
[Round "9"]
[White "Jonatansson, Sigurdur Freyr"]
[Black "Jonsson, Olafur Gisli"]
[Result "0-1"]
[WhiteElo "1551"]
[BlackElo "1817"]
[PlyCount "68"]
[EventDate "2023.03.29"]
[EventType "swiss"]
[EventRounds "9"]
[EventCountry "ISL"]
[SourceTitle "EXT 2024"]
[Source "ChessBase"]
[SourceDate "2023.10.10"]
[SourceVersion "1"]
[SourceVersionDate "2023.10.10"]
[SourceQuality "1"]

1. e4 e5 2. Nf3 Nc6 3. Bb5 a6 4. Ba4 Nf6 5. c3 b5 6. Bc2 d6 7. h3 Be7 8. 0-0 0-0 9. Re1 Bb7 10. d4 h6 11. Nbd2 Re8 12. d5 Nb8 13. a4 c6 14. dxc6 Nxc6 15. c4 Nb4 16. axb5 Nxc2 17. Qxc2 axb5 18. Rxa8 Qxa8 19. cxb5 Bd8 20. b4 Re6 21. Bb2 Nh5 22. Ra1 Qb8 23. Ne1 Rg6 24. Nd3 Bb6 25. Nc4 Bxe4 26. Nxb6 Rxg2+ 27. Kf1 Qxb6 28. Rd1 Nf4 29. Qc8+ Kh7 30. Qc2 Rh2 31. Ke1 Nxd3+ 32. Rxd3 Qxb5 33. Ke2 Rxh3 34. f3 Rxf3 0-1

[Event "Reykjavik op"]
[Site "Reykjavik"]
[Date "2023.03.31"]
[Round "4"]
[White "Jonsson, Olafur Gisli"]
[Black "Krivenko, Dion"]
[Result "0-1"]
[WhiteElo "1817"]
[BlackElo "2136"]
[PlyCount "94"]
[EventDate "2023.03.29"]
[EventType "swiss"]
[EventRounds "9"]
[EventCountry "ISL"]
[SourceTitle "CBM 213 Extra"]
[Source "ChessBase"]
[SourceDate "2023.05.31"]
[SourceVersion "1"]
[SourceVersionDate "2023.05.31"]
[SourceQuality "1"]

1. d4 g6 2. c4 Bg7 3. Nc3 d6 4. Nf3 Nd7 5. Bg5 h6 6. Bh4 Ngf6 7. e3 0-0 8. Be2 c5 9. Qc2 cxd4 10. exd4 d5 11. 0-0 dxc4 12. Bxc4 Nb6 13. Bb3 Bf5 14. Qd2 g5 15. Bg3 e6 16. Rad1 Rc8 17. Ne5 Nbd5 18. f3 a6 19. Rfe1 b5 20. Ne4 a5 21. Nc5 a4 22. Bc2 Bxc2 23. Qxc2 Nh5 24. Qd2 Nxg3 25. hxg3 Nb6 26. Qd3 b4 27. Kh2 Nd5 28. Nxa4 Qd6 29. Qb3 Rfd8 30. Nc5 Bxe5 31. Ne4 Bxg3+ 32. Nxg3 Ne7 33. Kh3 Ng6 34. Nh5 Nf4+ 35. Nxf4 Qxf4 36. g3 Qf5+ 37. g4 Qf6 38. Qd3 Rd5 39. Re4 Kg7 40. Qe3 Rcd8 41. a3 bxa3 42. bxa3 h5 43. gxh5 e5 44. Rg1 exd4 45. Qd3 Rc8 46. Rg3 Rc3 47. Qd1 d3 0-1

[Event "Reykjavik Kvika op"]
[Site "Reykjavik"]
[Date "2022.04.09"]
[Round "5"]
[White "Wichtrup, Jan Louis"]
[Black "Jonsson, Olafur Gisli"]
[Result "1-0"]
[WhiteElo "2166"]
[BlackElo "1847"]
[PlyCount "87"]
[EventDate "2022.04.06"]
[EventType "swiss"]
[EventRounds "9"]
[EventCountry "ISL"]
[SourceTitle "CBM 207 Extra"]
[Source "ChessBase"]
[SourceDate "2022.05.31"]
[SourceVersion "1"]
[SourceVersionDate "2022.05.31"]
[SourceQuality "1"]

1. e4 e5 2. Bc4 Nc6 3. d3 Nf6 4. Nf3 Bc5 5. c3 a6 6. Nbd2 d6 7. Bb3 0-0 8. Nf1 Ba7 9. Ng3 Ne7 10. Nh4 Be6 11. Bc2 Qd7 12. h3 h6 13. Bd2 Rad8 14. Qe2 a5 15. a4 d5 16. Rd1 Qc6 17. Qf3 dxe4 18. dxe4 Bc4 19. Ngf5 Nxf5 20. Nxf5 Kh7 21. g4 Ng8 22. h4 g6 23. Ne3 Bd3 24. Bxd3 Rxd3 25. h5 Qf6 26. Qe2 Bxe3 27. Bxe3 Rxd1+ 28. Qxd1 Rd8 29. hxg6+ fxg6 30. Qe2 g5 31. Rh3 Ne7 32. Rf3 Qd6 33. Kf1 Qe6 34. Qb5 b6 35. Ke2 Ng6 36. Rf5 Qd6 37. Qd5 Qxd5 38. exd5 Rd7 39. Rf6 Kg7 40. Rc6 Kf7 41. Kf3 Kg7 42. c4 Re7 43. Ke4 Nh8 44. d6 1-0

[Event "Reykjavik Kvika op"]
[Site "Reykjavik"]
[Date "2022.04.07"]
[Round "3"]
[White "Jonsson, Olafur Gisli"]
[Black "Seshadri, Sridhar"]
[Result "1-0"]
[WhiteElo "1847"]
[BlackElo "1542"]
[PlyCount "115"]
[EventDate "2022.04.06"]
[EventType "swiss"]
[EventRounds "9"]
[EventCountry "ISL"]
[SourceTitle "CBM 207 Extra"]
[Source "ChessBase"]
[SourceDate "2022.05.31"]
[SourceVersion "1"]
[SourceVersionDate "2022.05.31"]
[SourceQuality "1"]

1. d4 d5 2. Nf3 Nf6 3. c4 c6 4. Qc2 dxc4 5. Qxc4 e6 6. Nc3 Be7 7. e4 b5 8. Qd3 b4 9. Na4 Ba6 10. Qc2 Bxf1 11. Kxf1 0-0 12. g3 Qa5 13. b3 Rc8 14. Be3 Nbd7 15. Rc1 Qb5+ 16. Kg2 Ng4 17. Rhd1 Nxe3+ 18. fxe3 Qh5 19. Qd3 g5 20. h3 Nf6 21. Ne5 c5 22. Nxc5 g4 23. hxg4 Qg5 24. Rf1 Bxc5 25. Nxf7 Qg6 26. g5 Qxe4+ 27. Qxe4 Nxe4 28. dxc5 Rxc5 29. Rxc5 Nxc5 30. Rc1 Kxf7 31. Rxc5 Kg6 32. Rb5 a5 33. Kf3 Ra6 34. Ke4 h6 35. gxh6 Kxh6 36. Kd4 Rd6+ 37. Kc4 Rc6+ 38. Rc5 Ra6 39. Kb5 Ra8 40. Rc6 Kg5 41. Rxe6 Kg4 42. Ra6 Rb8+ 43. Kxa5 Kxg3 44. Rb6 Ra8+ 45. Kxb4 Rxa2 46. Re6 Rc2 47. Kb5 Kg4 48. b4 Rc8 49. Rc6 Rb8+ 50. Kc5 Kf3 51. b5 Rh8 52. b6 Rh5+ 53. Kd6 Rh6+ 54. Kc7 Rh7+ 55. Kb8 Rh8+ 56. Ka7 Ke4 57. b7 Kd5 58. Rc8 1-0

[Event "EU-ch 21st"]
[Site "Reykjavik"]
[Date "2021.09.02"]
[Round "8"]
[White "Jonsson, Olafur Gisli"]
[Black "Omarsson, Adam"]
[Result "1/2-1/2"]
[WhiteElo "1800"]
[BlackElo "1546"]
[PlyCount "103"]
[EventDate "2021.08.26"]
[EventType "swiss"]
[EventRounds "11"]
[EventCountry "ISL"]
[SourceTitle "CBM 204"]
[Source "ChessBase"]
[SourceDate "2021.10.31"]
[SourceVersion "1"]
[SourceVersionDate "2021.10.31"]
[SourceQuality "1"]

1. d4 Nf6 2. Nf3 g6 3. c4 Bg7 4. Nc3 0-0 5. Bg5 d6 6. e3 c5 7. d5 h6 8. Bh4 g5 9. Bg3 Nh5 10. Qc2 f5 11. Bd3 e6 12. dxe6 Bxe6 13. Nb5 Nxg3 14. hxg3 a6 15. Nc3 Nc6 16. a3 Qf6 17. 0-0 Qf7 18. Nd5 b5 19. Rad1 bxc4 20. Bxc4 g4 21. Nh4 Ne5 22. b3 Nxc4 23. bxc4 Rab8 24. Rd3 Rb2 25. Qa4 Qb7 26. Ng6 Bxd5 27. Rxd5 Rf6 28. Qe8+ Kh7 29. Ne7 Bf8 30. Nxf5 Rb1 31. Qe4 Rxf1+ 32. Kxf1 Qb2 33. Kg1 Kh8 34. Qd3 Qc1+ 35. Kh2 Qe1 36. Nxd6 Rxf2 37. Qd1 Qxe3 38. Nf5 Qe4 39. Nh4 Be7 40. Rd2 Bxh4 41. Rxf2 Bxg3+ 42. Kxg3 Qe3+ 43. Rf3 gxf3 44. Qxf3 Qe5+ 45. Qf4 Qc3+ 46. Kg4 Qg7+ 47. Kh3 Qd7+ 48. Kh4 Qc6 49. Kh5 Kg7 50. Qe5+ Kf7 51. Qf5+ Kg7 52. Qe5+ 1/2-1/2

[Event "EU-ch 21st"]
[Site "Reykjavik"]
[Date "2021.08.29"]
[Round "4"]
[White "Stremavicius, Pijus"]
[Black "Jonsson, Olafur Gisli"]
[Result "1-0"]
[WhiteElo "2146"]
[BlackElo "1800"]
[PlyCount "87"]
[EventDate "2021.08.26"]
[EventType "swiss"]
[EventRounds "11"]
[EventCountry "ISL"]
[SourceTitle "CBM 204"]
[Source "ChessBase"]
[SourceDate "2021.10.31"]
[SourceVersion "1"]
[SourceVersionDate "2021.10.31"]
[SourceQuality "1"]

1. Nf3 Nf6 2. c4 c5 3. b3 e6 4. Bb2 Be7 5. g3 b6 6. Bg2 Bb7 7. 0-0 d6 8. d4 cxd4 9. Qxd4 0-0 10. Nc3 a6 11. Rfd1 Nbd7 12. Rac1 Qc7 13. e4 Rfe8 14. Ne1 Rad8 15. h3 Bf8 16. Kh2 Bc6 17. Nd3 Qb8 18. f4 e5 19. Qe3 exf4 20. Qxf4 Qb7 21. Nd5 Re6 22. Rf1 Rde8 23. Rce1 Ne5 24. Nxe5 dxe5 25. Qf3 b5 26. Bc1 Be7 27. h4 Bxd5 28. exd5 e4 29. Qe2 Re5 30. Bb2 Bd6 31. Rxf6 gxf6 32. Bxe5 Rxe5 33. Qg4+ Kh8 34. Qf4 f5 35. c5 Bb8 36. Qh6 Qe7 37. d6 Qd8 38. b4 Re6 39. Qf4 Qf6 40. Rf1 e3 41. Re1 Qc3 42. Re2 Qd3 43. Bf3 Kg7 44. Qg5+ 1-0

[Event "EU-ch 21st"]
[Site "Reykjavik"]
[Date "2021.08.26"]
[Round "1"]
[White "Jonsson, Olafur Gisli"]
[Black "Kozak, Adam"]
[Result "0-1"]
[WhiteElo "1800"]
[BlackElo "2504"]
[PlyCount "100"]
[EventDate "2021.08.26"]
[EventType "swiss"]
[EventRounds "11"]
[EventCountry "ISL"]
[SourceTitle "CBM 204"]
[Source "ChessBase"]
[SourceDate "2021.10.31"]
[SourceVersion "1"]
[SourceVersionDate "2021.10.31"]
[SourceQuality "1"]

1. d4 Nf6 2. Nf3 e6 3. c4 b6 4. a3 Bb7 5. Nc3 g6 6. Bg5 Bg7 7. Qc2 d6 8. Rd1 h6 9. Bh4 Nbd7 10. e4 g5 11. Bg3 Nh5 12. Be2 a6 13. 0-0 Qe7 14. b4 Nxg3 15. fxg3 g4 16. Nh4 h5 17. d5 Rh6 18. Kh1 Rf6 19. Na4 0-0-0 20. Bd3 Rxf1+ 21. Bxf1 Kb8 22. Nc3 Qf6 23. Ne2 Qb2 24. Qxb2 Bxb2 25. Rd3 Re8 26. Rb3 Bf6 27. Rb1 exd5 28. exd5 Re4 29. h3 gxh3 30. gxh3 Bxh4 31. gxh4 Rxc4 32. Bg2 Rxh4 33. Rf1 Ne5 34. Rf5 Bc8 35. Rf4 Rxf4 36. Nxf4 h4 37. Be4 Nc4 38. Kh2 Nd2 39. Bh7 Nf3+ 40. Kg2 Ng5 41. Bd3 a5 42. Bf1 axb4 43. axb4 Ka7 44. Kf2 Ba6 45. b5 Bc8 46. Ke3 Bd7 47. Kd4 Kb8 48. Ke3 Kc8 49. Kd4 Kd8 50. Ke3 Ke7 0-1

[Event "Reykjavik ISL-ch op"]
[Site "Reykjavik"]
[Date "2020.08.30"]
[Round "9"]
[White "Jonsson, Olafur Gisli"]
[Black "Bewersdorff, Oliver"]
[Result "0-1"]
[WhiteElo "1794"]
[BlackElo "2283"]
[PlyCount "66"]
[EventDate "2020.08.22"]
[EventType "swiss"]
[EventRounds "9"]
[EventCountry "ISL"]
[SourceTitle "CBM 198 Extra"]
[Source "ChessBase"]
[SourceDate "2020.11.30"]
[SourceVersion "1"]
[SourceVersionDate "2020.11.30"]
[SourceQuality "1"]

1. d4 Nf6 2. c4 e6 3. Nc3 d5 4. Nf3 c6 5. Bg5 Nbd7 6. e3 Qa5 7. Nd2 Bb4 8. Qc2 0-0 9. Be2 dxc4 10. Bxf6 Nxf6 11. Nxc4 Qc7 12. 0-0 Rd8 13. Rac1 Bd7 14. Rfd1 Be8 15. Ne4 Nxe4 16. Qxe4 Bf8 17. Bd3 g6 18. h4 Bg7 19. f4 Qe7 20. h5 c5 21. hxg6 hxg6 22. Ne5 cxd4 23. exd4 Qb4 24. Bc4 Rd6 25. Bb3 Rad8 26. Rc4 Qb6 27. Kh2 Bc6 28. Rxc6 bxc6 29. Nc4 Qb4 30. Nxd6 Rxd6 31. g3 a5 32. Rd3 Bxd4 33. Bd1 Bg1+ 0-1

[Event "Akureyri Icelandic op"]
[Site "Akureyri"]
[Date "2019.05.28"]
[Round "5"]
[White "Olafsson, Smari"]
[Black "Jonsson, Olafur Gisli"]
[Result "1-0"]
[WhiteElo "1939"]
[BlackElo "1771"]
[PlyCount "51"]
[EventDate "2019.05.25"]
[EventType "swiss"]
[EventRounds "9"]
[EventCountry "ISL"]
[SourceTitle "CBM 190 Extra"]
[Source "ChessBase"]
[SourceDate "2019.07.15"]
[SourceVersion "1"]
[SourceVersionDate "2019.07.15"]
[SourceQuality "1"]

1. e4 c5 2. Nf3 Nc6 3. d4 cxd4 4. Nxd4 Nf6 5. Nc3 d6 6. Be2 e5 7. Nb3 Be7 8. Be3 0-0 9. 0-0 a6 10. a4 Be6 11. f4 exf4 12. Bxf4 Ne5 13. Kh1 Rc8 14. Nd4 Bc4 15. Nf5 Re8 16. Bg5 Ned7 17. Bxc4 Rxc4 18. Nxd6 Bxd6 19. Qxd6 Re6 20. Bxf6 gxf6 21. Qg3+ Kf8 22. Rad1 Qc8 23. Qh4 Rxc3 24. bxc3 Ke7 25. Qxh7 Qxc3 26. Rxd7+ 1-0

[Event "Akureyri Icelandic op"]
[Site "Akureyri"]
[Date "2019.05.26"]
[Round "3"]
[White "Barthel, Ansgar"]
[Black "Jonsson, Olafur Gisli"]
[Result "1-0"]
[WhiteElo "2062"]
[BlackElo "1771"]
[PlyCount "115"]
[EventDate "2019.05.25"]
[EventType "swiss"]
[EventRounds "9"]
[EventCountry "ISL"]
[SourceTitle "CBM 190 Extra"]
[Source "ChessBase"]
[SourceDate "2019.07.15"]
[SourceVersion "1"]
[SourceVersionDate "2019.07.15"]
[SourceQuality "1"]

1. e4 d6 2. d4 Nf6 3. Nc3 c6 4. f4 Qa5 5. Bd3 e5 6. Nf3 Nbd7 7. 0-0 Be7 8. Kh1 0-0 9. dxe5 dxe5 10. fxe5 Nxe5 11. Nxe5 Qxe5 12. Bf4 Qh5 13. Qe1 Be6 14. Ne2 Ng4 15. Bg3 Ne5 16. Nf4 Nxd3 17. cxd3 Qb5 18. Nxe6 fxe6 19. Qe2 Rxf1+ 20. Rxf1 Rd8 21. Rd1 Bf6 22. b3 c5 23. Qc2 b6 24. h3 h6 25. Qe2 Qd7 26. Qg4 Kh7 27. Bf4 Bc3 28. Qe2 e5 29. Bg3 Bd4 30. Bh4 g5 31. Bg3 Qe7 32. Rf1 Rf8 33. Rf5 Rxf5 34. exf5 Kg7 35. Qe4 Kf6 36. Be1 h5 37. g4 hxg4 38. hxg4 Kg7 39. Qc6 Qf6 40. Qxf6+ Kxf6 41. Kg2 Be3 42. Kf3 Bf4 43. Ke4 Ke7 44. Kd5 Kf6 45. Bc3 Bg3 46. a4 Bf4 47. Kc6 Be3 48. Kd5 Bf4 49. a5 Bg3 50. Kc6 Bf2 51. a6 Be3 52. Kd5 Bf4 53. b4 cxb4 54. Bxb4 Be3 55. Bd6 Bd4 56. Bc7 Be3 57. Bxe5+ Ke7 58. Bd4 1-0

[Event "Reykjavik op"]
[Site "Reykjavik"]
[Date "2019.04.13"]
[Round "6"]
[White "Jonsson, Olafur Gisli"]
[Black "Eric, Jovana"]
[Result "0-1"]
[WhiteElo "1773"]
[BlackElo "2247"]
[PlyCount "56"]
[EventDate "2019.04.08"]
[EventType "swiss"]
[EventRounds "9"]
[EventCountry "ISL"]
[SourceTitle "CBM 189 Extra"]
[Source "ChessBase"]
[SourceDate "2019.06.03"]
[SourceVersion "1"]
[SourceVersionDate "2019.06.03"]
[SourceQuality "1"]

1. e4 c5 2. Nf3 Nc6 3. d4 cxd4 4. Nxd4 e5 5. Nb5 d6 6. N1c3 a6 7. Na3 Be7 8. Be2 Be6 9. 0-0 Nf6 10. Kh1 b5 11. Nd5 0-0 12. Qd3 Bxd5 13. exd5 Nd4 14. Bf3 Rc8 15. c3 Nxf3 16. Qxf3 Rc5 17. Rd1 Qa8 18. Qg3 Ne4 19. Qf3 Rxd5 20. Rxd5 Qxd5 21. Be3 f5 22. Qe2 f4 23. Bb6 f3 24. Qd1 fxg2+ 25. Kg1 Nd2 26. Be3 Nf3+ 27. Kxg2 Qe4 28. Nc2 Nd4+ 0-1

[Event "Reykjavik op"]
[Site "Reykjavik"]
[Date "2019.04.09"]
[Round "2"]
[White "Jonsson, Olafur Gisli"]
[Black "Halldorsson, Bragi"]
[Result "0-1"]
[WhiteElo "1773"]
[BlackElo "2112"]
[PlyCount "96"]
[EventDate "2019.04.08"]
[EventType "swiss"]
[EventRounds "9"]
[EventCountry "ISL"]
[SourceTitle "CBM 189 Extra"]
[Source "ChessBase"]
[SourceDate "2019.06.03"]
[SourceVersion "1"]
[SourceVersionDate "2019.06.03"]
[SourceQuality "1"]

1. d4 c6 2. Nf3 Nf6 3. e3 d5 4. Bd3 Bg4 5. h3 Bh5 6. 0-0 Nbd7 7. c4 e6 8. Nc3 Bd6 9. Re1 Qc7 10. e4 dxe4 11. Nxe4 Bf4 12. Nxf6+ Nxf6 13. g4 Bg6 14. g5 Nd7 15. b4 0-0 16. Bxg6 hxg6 17. Re4 Bxc1 18. Rxc1 a5 19. a3 axb4 20. axb4 Qd6 21. Qb3 Ra7 22. c5 Qe7 23. b5 Rfa8 24. bxc6 bxc6 25. Re3 Qd8 26. Rb1 Qc7 27. Qd1 Qf4 28. Reb3 e5 29. dxe5 Nxe5 30. Rb8+ Kh7 31. Nxe5 Rxb8 32. Rxb8 Qxe5 33. Qd8 Ra1+ 34. Kg2 Qe4+ 35. Kh2 Qh1+ 36. Kg3 Ra3+ 37. Kf4 Qf3+ 38. Ke5 Qf5+ 39. Kd6 Rd3+ 40. Kxc6 Rxd8 41. Rxd8 Qxg5 42. Rd7 Qf5 43. Rd8 Qxf2 44. Rf8 f5 45. Kd6 Qd4+ 46. Kc6 f4 47. Rc8 f3 48. Kb7 f2 0-1

[Event "Reykjavik op"]
[Site "Reykjavik"]
[Date "2018.03.07"]
[Round "3"]
[White "Jonsson, Olafur Gisli"]
[Black "Yu, Henry"]
[Result "1-0"]
[WhiteElo "1822"]
[BlackElo "2051"]
[PlyCount "47"]
[EventDate "2018.03.06"]
[EventType "swiss"]
[EventRounds "9"]
[EventCountry "ISL"]
[SourceTitle "CBM 183 Extra"]
[Source "ChessBase"]
[SourceDate "2018.04.19"]
[SourceVersion "1"]
[SourceVersionDate "2018.04.19"]
[SourceQuality "1"]

1. e4 e5 2. Nf3 Nc6 3. Bc4 Nf6 4. d3 Bc5 5. c3 0-0 6. Nbd2 d5 7. exd5 Nxd5 8. Ne4 Be7 9. 0-0 Kh8 10. Re1 f6 11. Bb3 g5 12. d4 f5 13. Nexg5 e4 14. Nxh7 Kxh7 15. Ne5 Kg7 16. Qh5 Nxe5 17. Bh6+ Kf6 18. dxe5+ Kxe5 19. Rad1 c6 20. Rxe4+ Kd6 21. Bf4+ Kd7 22. Rxd5+ cxd5 23. Ba4+ b5 24. Bxb5# 1-0

[Event "Reykjavik op"]
[Site "Reykjavik"]
[Date "2018.03.06"]
[Round "1"]
[White "Fjallheim, Benjamin Reinert"]
[Black "Jonsson, Olafur Gisli"]
[Result "0-1"]
[WhiteElo "1293"]
[BlackElo "1822"]
[PlyCount "100"]
[EventDate "2018.03.06"]
[EventType "swiss"]
[EventRounds "9"]
[EventCountry "ISL"]
[SourceTitle "CBM 183 Extra"]
[Source "ChessBase"]
[SourceDate "2018.04.19"]
[SourceVersion "1"]
[SourceVersionDate "2018.04.19"]
[SourceQuality "1"]

1. e4 e5 2. Nf3 Nc6 3. Bc4 Nf6 4. d3 Bc5 5. Nc3 h6 6. Be3 Bxe3 7. fxe3 d6 8. Qd2 Na5 9. Bb3 Nxb3 10. axb3 Bd7 11. Ne2 a6 12. c4 0-0 13. b4 Qe7 14. Nc3 c6 15. Na4 Rad8 16. Nb6 Bg4 17. 0-0 d5 18. exd5 cxd5 19. c5 Rfe8 20. d4 exd4 21. exd4 Bxf3 22. Rxf3 Qe2 23. Rf2 Qg4 24. h3 Qh4 25. Qf4 Qxf4 26. Rxf4 Re2 27. Rf2 Rde8 28. Rd1 R8e3 29. Rd2 Re1+ 30. Kh2 Ne4 31. Nxd5 Nxf2 32. Rxf2 R3e2 33. Kg3 Rxf2 34. Kxf2 Rb1 35. Kf3 Rxb2 36. h4 Kf8 37. h5 Ke8 38. g4 Kd7 39. Kf4 Kc6 40. Ne7+ Kb5 41. Nf5 Rxb4 42. Ke5 a5 43. Nxg7 a4 44. g5 hxg5 45. h6 Rb1 46. Kf5 Rh1 47. Kxg5 Rxh6 48. Kxh6 a3 49. d5 a2 50. d6 Kc6 0-1

[Event "ISL-chT 1718"]
[Site "Reykjavik"]
[Date "2018.03.03"]
[Round "9.1"]
[White "Jonsson, Olafur Gisli"]
[Black "Ragnarsson, Johann Hjortur"]
[Result "0-1"]
[WhiteElo "1834"]
[BlackElo "2051"]
[PlyCount "138"]
[EventDate "2017.10.19"]
[EventType "team-tourn"]
[EventRounds "9"]
[EventCountry "ISL"]
[SourceTitle "EXT 2019"]
[Source "ChessBase"]
[SourceDate "2018.10.10"]
[SourceVersion "1"]
[SourceVersionDate "2018.10.10"]
[SourceQuality "1"]
[WhiteTeam "KR CC"]
[BlackTeam "Gardabaer"]
[WhiteTeamCountry "ISL"]
[BlackTeamCountry "ISL"]

1. d4 d5 2. c4 e6 3. Nc3 Nf6 4. Nf3 c6 5. Bg5 Nbd7 6. e3 Qa5 7. Nd2 Bb4 8. Qc2 dxc4 9. Bxf6 Nxf6 10. Bxc4 0-0 11. 0-0 Nd5 12. Nb3 Qd8 13. e4 Nxc3 14. bxc3 Be7 15. Rad1 b5 16. Bd3 Qb6 17. Rfe1 c5 18. e5 h6 19. dxc5 Bxc5 20. Qe2 Bb7 21. Nxc5 Qxc5 22. Bxb5 Qxc3 23. Rd3 Qb4 24. Rg3 Rad8 25. a4 Rd2 26. Qe3 Qd4 27. Qxd4 Rxd4 28. Ra3 Rc8 29. Raa1 Rc5 30. Bf1 Ra5 31. Reb1 Ba6 32. Rb8+ Kh7 33. Bxa6 Rxa6 34. a5 Rd5 35. f4 g5 36. g3 gxf4 37. gxf4 Rdxa5 38. Rxa5 Rxa5 39. Kf2 Ra3 40. Rb7 Kg6 41. Rb4 Kf5 42. Rc4 a5 43. Kg2 h5 44. Rd4 h4 45. Rc4 h3+ 46. Kf2 Kg4 47. Rc7 Rf3+ 48. Ke2 Rxf4 49. Ra7 Ra4 50. Ke3 Kf5 51. Rxf7+ Kxe5 52. Kf3 Ra3+ 53. Kg4 a4 54. Ra7 Ke4 55. Ra5 e5 56. Ra8 Ra1 57. Kxh3 a3 58. Ra5 Kf3 59. Ra8 e4 60. Rf8+ Ke2 61. Kg2 e3 62. h4 a2 63. Ra8 Kd2 64. Rd8+ Ke1 65. Ra8 e2 66. h5 Kd2 67. Rd8+ Kc3 68. Rc8+ Kd4 69. Rd8+ Kc5 0-1

[Event "ISL-chT 1718"]
[Site "Reykjavik"]
[Date "2018.03.03"]
[Round "8.1"]
[White "Thorsteinsson, Thorsteinn"]
[Black "Jonsson, Olafur Gisli"]
[Result "1-0"]
[WhiteElo "2308"]
[BlackElo "1834"]
[PlyCount "87"]
[EventDate "2017.10.19"]
[EventType "team-tourn"]
[EventRounds "9"]
[EventCountry "ISL"]
[SourceTitle "EXT 2019"]
[Source "ChessBase"]
[SourceDate "2018.10.10"]
[SourceVersion "1"]
[SourceVersionDate "2018.10.10"]
[SourceQuality "1"]
[WhiteTeam "Huginn"]
[BlackTeam "KR CC"]
[WhiteTeamCountry "ISL"]
[BlackTeamCountry "ISL"]

1. e4 e5 2. Nf3 Nc6 3. Bb5 a6 4. Ba4 Nf6 5. 0-0 Be7 6. Bxc6 dxc6 7. d3 Bg4 8. Nbd2 0-0 9. h3 Bxf3 10. Qxf3 Nd7 11. Nc4 Bf6 12. b3 b6 13. Bb2 Re8 14. Rad1 Qe7 15. Rfe1 Rad8 16. Qg4 Nf8 17. g3 Qe6 18. Kg2 Ng6 19. Rf1 c5 20. Rde1 Qxg4 21. hxg4 Re6 22. Bc1 b5 23. Ne3 h6 24. Nd5 c6 25. Nxf6+ Rxf6 26. g5 Rfd6 27. gxh6 gxh6 28. Rh1 c4 29. dxc4 bxc4 30. Bxh6 cxb3 31. cxb3 a5 32. Be3 a4 33. Rb1 axb3 34. Rxb3 Ra8 35. a3 Ra4 36. f3 Rd8 37. Rc1 Rda8 38. Bc5 Kg7 39. Rb7 R4a6 40. Rc7 Rb8 41. Bb4 Rbb6 42. Rd1 Nf8 43. Rd6 Kg8 44. Rd8 1-0